00272nam a2200109Ia 4500003000400000008004100004040000800045100002200053245004300075260003500118300000900153LDD181029s9999 xx 000 0 und d cLDD aRadhakrishnan, S. 0aReligion and culturecS. Radhakrishnan aDelhibOrient Paperbacksc1984 a176p